000 00536nam a2200205Ia 4500
003 OSt
005 20260306121539.0
008 210210b1946 xxu||||| |||| 00| 0 eng d
040 _cAL
041 _aHindi
082 _a862/17
100 _aBENIPURI
_dबेनीपुरी (रामवृक्ष)
_9257743
245 _aHava par
_bहवा पार
260 _aIllAhAbAd
_bKitab mahal
_c1946
650 _apar
_9257744
650 _aHAva
_9257745
690 _aHindi Prose
_9257746
906 _a023263
942 _2ddc
_cBK
999 _c148201
_d148201